| 000 | 00499nam a2200169 i 4500 | ||
|---|---|---|---|
| 001 | 21029 | ||
| 003 | ES-MaACL | ||
| 005 | 20230906152415.0 | ||
| 007 | t| | ||
| 008 | 021120s1980 sp ||||1| spa d | ||
| 100 | 1 |
_aAftalion, Florin. _918521 |
|
| 245 | 1 | 0 |
_aSocialismo y economía / _cFlorin Aftalion ; [versión de Alberto Pérez Moreno]. |
| 260 |
_aMadrid : _bRialp, _c[1980] |
||
| 300 |
_a259 p. ; _c23 cm. |
||
| 700 | 1 |
_aPérez Moreno, Alberto. _991043 |
|
| 852 |
_aES-MaACL _jC-55205 _bR.100287 |
||
| 999 |
_c21029 _d21029 |
||